000
00306nam a22001217a 4500
040
_c
SY
082
_a
519
100
_a
ង៉ោ ប៊ុនថាន
245
_a
Project development, ការអភិវឌ្ឍន៍គំរោង
260
_a
RUA
_b
ង៉ោ
_c
2004
300
_a
42p.
942
_c
KB
999
_c
9727
_d
9727